Apostle Paul and the earliest churches [videorecording] / (Record no. 47809)
[ view plain ]
| 000 -LEADER | |
|---|---|
| fixed length control field | 01748cgm a2200373Ia 4500 |
| 001 - CONTROL NUMBER | |
| control field | 57445504 |
| 003 - CONTROL NUMBER IDENTIFIER | |
| control field | OCoLC |
| 005 - DATE AND TIME OF LATEST TRANSACTION | |
| control field | 20190820101331.0 |
| 007 - PHYSICAL DESCRIPTION FIXED FIELD--GENERAL INFORMATION | |
| fixed length control field | vd cvaizq |
| 008 - FIXED-LENGTH DATA ELEMENTS--GENERAL INFORMATION | |
| fixed length control field | 050119s2004 pau048 vleng d |
| 020 ## - INTERNATIONAL STANDARD BOOK NUMBER | |
| International Standard Book Number | 1563648415 |
| 028 40 - PUBLISHER NUMBER | |
| Publisher number | 4841D |
| Source | Vision Video |
| 035 ## - SYSTEM CONTROL NUMBER | |
| System control number | 414216 |
| 245 00 - TITLE STATEMENT | |
| Title | Apostle Paul and the earliest churches [videorecording] / |
| Statement of responsibility, etc | Gateway Films ; Vision Video ; B & N Production. |
| 260 ## - PUBLICATION, DISTRIBUTION, ETC. (IMPRINT) | |
| Place of publication, distribution, etc | Worcester, Pa. : |
| Name of publisher, distributor, etc | Vision Video [distributor], |
| Date of publication, distribution, etc | 2004. |
| 300 ## - PHYSICAL DESCRIPTION | |
| Extent | 1 videodisc (48 min.) : |
| Other physical details | sd., col. ; |
| Dimensions | 4 3/4 in. |
| 500 ## - GENERAL NOTE | |
| General note | The complete study guide for this program (in pdf format) is located in a DVD-ROM folder on this DVD. If you do not have access to a DVD-ROM drive on a computer the study guide can be downloaded from www.visionvideo.com. |
| 508 ## - CREATION/PRODUCTION CREDITS NOTE | |
| Creation/production credits note | Producer, writer, director, Behnan Konutgan ; director, producer, Nurettin Bulbul ; producer, Enis Sakirgil ; academic consultant, Mark Wilson. |
| 511 1# - PARTICIPANT OR PERFORMER NOTE | |
| Participant or performer note | Hulusi Tarakci, Turan Topal, Brain Poon. |
| 520 ## - SUMMARY, ETC. | |
| Summary, etc | This video reenacts Paul's missionary journeys on Anatolian soil (modern Turkey). The archaeological emphasis is enhanced by 3D animated maps and footage of Antioch on the Orontes, Pisidian Antioch, Ephesus, Tarsus and other cities important to Paul's ministry. |
| 521 8# - TARGET AUDIENCE NOTE | |
| Target audience note | MPAA rating: Not rated. |
| 538 ## - SYSTEM DETAILS NOTE | |
| System details note | DVD. |
| 546 ## - LANGUAGE NOTE | |
| Language note | English, Turkish, and Arabic language tracks. |
| 600 00 - SUBJECT ADDED ENTRY--PERSONAL NAME | |
| Personal name | Paul, |
| Titles and other words associated with a name | the Apostle, Saint |
| General subdivision | Travel |
| Geographic subdivision | Turkey. |
| 655 #0 - INDEX TERM--GENRE/FORM | |
| Genre/form data or focus term | Documentary films. |
| 700 1# - ADDED ENTRY--PERSONAL NAME | |
| Personal name | Konutgan, Behnan. |
| 700 1# - ADDED ENTRY--PERSONAL NAME | |
| Personal name | Bulbul, Nurettin. |
| 700 1# - ADDED ENTRY--PERSONAL NAME | |
| Personal name | Sakirgil, Enis. |
| 700 1# - ADDED ENTRY--PERSONAL NAME | |
| Personal name | Wilson, Mark W. |
| 710 2# - ADDED ENTRY--CORPORATE NAME | |
| Corporate name or jurisdiction name as entry element | Gateway Films. |
| 710 2# - ADDED ENTRY--CORPORATE NAME | |
| Corporate name or jurisdiction name as entry element | Vision Video (Firm) |
| 710 2# - ADDED ENTRY--CORPORATE NAME | |
| Corporate name or jurisdiction name as entry element | B & N Production. |
| 942 ## - ADDED ENTRY ELEMENTS (KOHA) | |
| Source of classification or shelving scheme | Library of Congress Classification |
| Item type | DVD |
| Withdrawn status | Lost status | Source of classification or shelving scheme | Damaged status | Not for loan | Home library | Current library | Shelving location | Date acquired | Source of acquisition | Cost, normal purchase price | Inventory number | Total Checkouts | Barcode | Date last seen | Price effective from | Koha item type |
|---|---|---|---|---|---|---|---|---|---|---|---|---|---|---|---|---|
| Library of Congress Classification | BSOP Library | BSOP Library | DVD | 08/20/2019 | Vision Video | 0.00 | VT-3094 | 00057117 | 08/20/2019 | 08/20/2019 | DVD |
